Statistiques concernant Capitales d’Asie

Cliquez ici pour prendre le quiz!

Statistiques générales

  • Ce quiz a été pris 141 fois
    (108 depuis la dernière actualisation)
  • Le résultat moyen est 28 sur 45

Statistiques - réponses

HintRéponse% Correct
Israëljerusalem
95%
Coree du sudseoul
95%
Japontokyo
90%
Thaïlandebangkok
88%
Indenew delhi
87%
Chinepekin
87%
Singapoursingapour
83%
Corée du Nordpyongyang
78%
Irantéhéran
78%
Qatardoha
77%
Émirat arabe unisabou dabi
75%
Libanbeyrouth
75%
Syriedamas
73%
Indonésiejakarta
73%
Koweïtkoweït
73%
PakistanIslamabad
72%
Taïwantaipei
72%
Irakbagdad
70%
Philippinesmanille
70%
Arabie saouditeriyad
70%
Azerbaïdjanbakou
68%
Afghanistankaboul
68%
Cambodgephnom penh
68%
Viet-namhanoï
67%
Mongolieoulan-bator
67%
Georgietbilissi
67%
Armenieerevan
65%
Bangladeshdacca
63%
Yemensanaa
57%
Ouzbekistantachkent
57%
Kazakhstanastana
55%
Nepalkatmandou
55%
Maldivesmale
55%
Laosvientiane
53%
Jordanieamman
52%
Kirghizistanbichkek
48%
Omanmascate
47%
Bouthanthimphou
42%
Turkmenistanachgabat
40%
Tadjikistandouchanbé
40%
Bahreïnmanama
38%
Birmanie / Myanmarnaypyidaw
38%
Hong Kongvictoria
7%
MalaisieTerritoire fédéral de Kuala Lumpur
5%
Sri lankaJayawardenapura Kotte
3%

Distribution des résultats

Percentile par nombre de réponses

% des personnes avec chaque résultat

Votre développement - résultats

Vous n’avez pas pris ce quiz depuis la dernière actualisation